[Event "Titled Tuesday intern op 13th Feb Late"]
[Site "Chess.com INT"]
[Date "2024.02.13"]
[Round "2"]
[White "Awoki, Daniel Teidi"]
[Black "Kochiev, Ivan"]
[Result "1-0"]
[WhiteElo "2152"]
[BlackElo "2051"]
[PlyCount "107"]
[EventDate "2024.02.13"]
[EventType "swiss (blitz)"]
[EventRounds "11"]
[EventCountry "USA"]
[SourceTitle "CB08_2024"]
[SourceDate "2024.02.21"]
[SourceVersion "1"]
[SourceVersionDate "2024.02.21"]
[SourceQuality "1"]

1. e4 e5 2. Nf3 Nf6 3. d4 Nxe4 4. Bd3 d5 5. Nxe5 Bd6 6. 0-0 0-0 7. Re1 Nf6 8. Bg5 h6 9. Bh4 Nbd7 10. Nxd7 Bxd7 11. Qf3 c6 12. Bxf6 Qxf6 13. Qxf6 gxf6 14. Nd2 Rfe8 15. g3 b6 16. c3 c5 17. dxc5 bxc5 18. b3 a5 19. c4 Be5 20. Rad1 Bc6 21. cxd5 Bxd5 22. Be4 Rad8 23. Bxd5 Rxd5 24. Nc4 Rxd1 25. Rxd1 Ra8 26. Nxe5 fxe5 27. Rd5 a4 28. Rxc5 axb3 29. axb3 Ra1+ 30. Kg2 Rb1 31. Rc3 Kg7 32. Kf3 Rb2 33. h4 Kg6 34. Ke3 h5 35. Ke4 f6 36. Rf3 Re2+ 37. Kd3 Rb2 38. Kc3 Rb1 39. b4 Kf7 40. Kc4 Ke6 41. Kc5 Rc1+ 42. Kb6 Kd5 43. Rxf6 e4 44. b5 Ke5 45. Rc6 Rf1 46. Rc2 Kd4 47. Kc7 Kd3 48. Ra2 Rc1+ 49. Kb7 Rc5 50. b6 Rc2 51. Rxc2 Kxc2 52. Kc6 Kd3 53. b7 e3 54. fxe3 1-0

[Event "Titled Tuesday intern op 13th Feb Late"]
[Site "Chess.com INT"]
[Date "2024.02.13"]
[Round "4"]
[White "Barria Zuniga, Daniel"]
[Black "Awoki, Daniel Teidi"]
[Result "1-0"]
[WhiteElo "2341"]
[BlackElo "2152"]
[PlyCount "49"]
[EventDate "2024.02.13"]
[EventType "swiss (blitz)"]
[EventRounds "11"]
[EventCountry "USA"]
[SourceTitle "CB08_2024"]
[SourceDate "2024.02.21"]
[SourceVersion "1"]
[SourceVersionDate "2024.02.21"]
[SourceQuality "1"]

1. d4 Nf6 2. c4 e6 3. Nf3 d5 4. Nc3 Be7 5. Bg5 0-0 6. Qc2 c6 7. e3 Nbd7 8. 0-0-0 Re8 9. Kb1 Nf8 10. Ne5 Ng6 11. f4 h6 12. Nxg6 fxg6 13. Bxf6 Bxf6 14. Qxg6 Bd7 15. Bd3 Rf8 16. h4 Be8 17. Qh7+ Kf7 18. g4 Bxh4 19. Bg6+ Ke7 20. Rxh4 Kd7 21. Qxg7+ Kc8 22. Rxh6 a5 23. Rdh1 a4 24. Bxe8 Qxe8 25. Rh8 1-0

[Event "Titled Tuesday intern op 13th Feb Late"]
[Site "Chess.com INT"]
[Date "2024.02.13"]
[Round "9"]
[White "D'Arruda, Ricardo D"]
[Black "Awoki, Daniel Teidi"]
[Result "1-0"]
[WhiteElo "2271"]
[BlackElo "2152"]
[PlyCount "90"]
[EventDate "2024.02.13"]
[EventType "swiss (blitz)"]
[EventRounds "11"]
[EventCountry "USA"]
[SourceTitle "CB08_2024"]
[SourceDate "2024.02.21"]
[SourceVersion "1"]
[SourceVersionDate "2024.02.21"]
[SourceQuality "1"]

1. d4 d5 2. Nf3 Nf6 3. c4 dxc4 4. e3 e6 5. Bxc4 a6 6. 0-0 b5 7. Bb3 Bb7 8. a4 b4 9. Nbd2 c5 10. Qe2 Nbd7 11. Rd1 Qb8 12. e4 cxd4 13. e5 Nd5 14. Nc4 Be7 15. Rxd4 0-0 16. Rg4 Rd8 17. Bh6 Bf8 18. Nd6 g6 19. Bxf8 Rxf8 20. h4 Rd8 21. h5 Nxe5 22. Nxe5 Qxd6 23. hxg6 hxg6 24. Nxg6 fxg6 25. Rxg6+ Kf7 26. Qh5 Rh8 27. Rh6+ Ke7 28. Rxh8 Rxh8 29. Qxh8 Bc6 30. Re1 Nf4 31. Qe5 Qxe5 32. Rxe5 Kd6 33. Rg5 Ne2+ 34. Kf1 Nd4 35. Bd1 e5 36. b3 Bd5 37. Rg6+ Kc5 38. Rxa6 Nxb3 39. Bxb3 Bxb3 40. Ra5+ Kd4 41. Ke2 Bc4+ 42. Kd2 b3 43. Ra8 e4 44. Rd8+ Kc5 45. Kc3 Ba6 1-0

[Event "Titled Tuesday intern op 13th Feb Early"]
[Site "Chess.com INT"]
[Date "2024.02.13"]
[Round "6"]
[White "Dovzik, Juri"]
[Black "Awoki, Daniel Teidi"]
[Result "1-0"]
[WhiteElo "2235"]
[BlackElo "2152"]
[PlyCount "47"]
[EventDate "2024.02.13"]
[EventType "swiss (blitz)"]
[EventRounds "11"]
[EventCountry "USA"]
[SourceTitle "CB08_2024"]
[SourceDate "2024.02.21"]
[SourceVersion "1"]
[SourceVersionDate "2024.02.21"]
[SourceQuality "1"]

1. Nf3 d5 2. g3 e6 3. Bg2 Nf6 4. 0-0 Be7 5. c4 0-0 6. b3 c6 7. Bb2 Nbd7 8. d4 b6 9. Nbd2 Bb7 10. Ne5 Nxe5 11. dxe5 Nd7 12. e4 dxc4 13. Nxc4 f6 14. Qc2 fxe5 15. Rad1 Qc7 16. Bh3 Rf6 17. f4 Rh6 18. Bg4 exf4 19. Rxf4 Rf8 20. Qc3 Rg6 21. Bxe6+ Kh8 22. Rxd7 Bc5+ 23. Kh1 Qb8 24. Rxg7 1-0

[Event "Titled Tuesday intern op 13th Feb Early"]
[Site "Chess.com INT"]
[Date "2024.02.13"]
[Round "2"]
[White "Matyunin, Maxim"]
[Black "Awoki, Daniel Teidi"]
[Result "1-0"]
[WhiteElo "2099"]
[BlackElo "2152"]
[PlyCount "81"]
[EventDate "2024.02.13"]
[EventType "swiss (blitz)"]
[EventRounds "11"]
[EventCountry "USA"]
[SourceTitle "CB08_2024"]
[SourceDate "2024.02.21"]
[SourceVersion "1"]
[SourceVersionDate "2024.02.21"]
[SourceQuality "1"]

1. d4 Nf6 2. Nf3 e6 3. c4 d5 4. Nc3 Be7 5. Bg5 0-0 6. e3 Nbd7 7. cxd5 exd5 8. Bd3 c6 9. 0-0 Re8 10. Rc1 h6 11. Bf4 a5 12. h3 Nf8 13. Ne5 Bd6 14. Bh2 Bxe5 15. Bxe5 Be6 16. f4 Bc8 17. Bb1 N6d7 18. Qd3 Nb6 19. f5 f6 20. Bf4 Nh7 21. Rf3 Nc4 22. b3 Nd6 23. g4 Ng5 24. Rg3 Nge4 25. Rg2 Nxc3 26. Qxc3 Ne4 27. Bxe4 Rxe4 28. Rf1 Qe7 29. h4 a4 30. g5 Bxf5 31. gxh6 g6 32. Rf3 axb3 33. axb3 Kh7 34. Rfg3 Qa3 35. Kh2 Qe7 36. Qc1 Qa3 37. Qg1 Rg8 38. Qf2 Qxb3 39. h5 g5 40. Bxg5 Rh4+ 41. Bxh4 1-0

[Event "Titled Tuesday intern op 06th Feb Late"]
[Site "Chess.com INT"]
[Date "2024.02.06"]
[Round "7"]
[White "Awoki, Daniel Teidi"]
[Black "Lin, Bryan Enming"]
[Result "1/2-1/2"]
[WhiteElo "2152"]
[BlackElo "2103"]
[PlyCount "110"]
[EventDate "2024.02.06"]
[EventType "swiss (blitz)"]
[EventRounds "11"]
[EventCountry "USA"]
[SourceTitle "CB07_2024"]
[SourceDate "2024.02.14"]
[SourceVersion "1"]
[SourceVersionDate "2024.02.14"]
[SourceQuality "1"]

1. e4 c5 2. Nf3 g6 3. d4 cxd4 4. Nxd4 Nc6 5. c4 Nf6 6. Nc3 Bg7 7. Be3 d6 8. Be2 0-0 9. 0-0 Bd7 10. h3 Qa5 11. Qc2 Rfc8 12. Nb3 Qc7 13. Rad1 a6 14. Nd4 b5 15. cxb5 Nxd4 16. Bxd4 axb5 17. Qb3 Rcb8 18. Bxf6 Bxf6 19. Nd5 Qc5 20. Nxf6+ exf6 21. Rc1 Be6 22. Rxc5 Bxb3 23. Rxb5 Rxb5 24. Bxb5 Rxa2 25. Rb1 Bc2 26. Rc1 Rxb2 27. Bc6 Rb1 28. Rxb1 Bxb1 29. f4 Kf8 30. Kf2 Ba2 31. Ke3 Ke7 32. Kd4 Be6 33. h4 Bg4 34. g3 Be6 35. Bb7 Kd7 36. Ba6 Kc6 37. Bd3 Kb6 38. Be2 Ka5 39. g4 Kb4 40. f5 Bb3 41. g5 fxg5 42. hxg5 Ka3 43. fxg6 fxg6 44. Bc4 Ba4 45. Bg8 Be8 46. Kd5 Kb4 47. Kxd6 Kc3 48. e5 Kd4 49. Bxh7 Ke4 50. e6 Kf5 51. Ke7 Bc6 52. Bxg6+ Kxg6 53. Kf8 Kxg5 54. e7 Bd7 55. e8Q Bxe8 1/2-1/2

[Event "Titled Tuesday intern op 06th Feb Early"]
[Site "Chess.com INT"]
[Date "2024.02.06"]
[Round "1"]
[White "Domalchuk Jonasson, Aleksandr"]
[Black "Awoki, Daniel Teidi"]
[Result "1-0"]
[WhiteElo "2362"]
[BlackElo "2152"]
[PlyCount "121"]
[EventDate "2024.02.06"]
[EventType "swiss (blitz)"]
[EventRounds "11"]
[EventCountry "USA"]
[SourceTitle "CB07_2024"]
[SourceDate "2024.02.14"]
[SourceVersion "1"]
[SourceVersionDate "2024.02.14"]
[SourceQuality "1"]

1. f4 Nf6 2. Nf3 g6 3. Nc3 Bg7 4. e4 d6 5. d4 e6 6. Be3 0-0 7. Qd2 b6 8. Bd3 Bb7 9. 0-0-0 Qe7 10. Rdg1 Nbd7 11. g4 e5 12. d5 exf4 13. Bxf4 Ne5 14. Nxe5 dxe5 15. Bg5 Qd7 16. h4 Ne8 17. h5 f6 18. Bh6 g5 19. Bxg7 Kxg7 20. h6+ Kg8 21. Rf1 Qxg4 22. Rhg1 Qd7 23. Bb5 Qe7 24. Be2 Nd6 25. a4 a5 26. Qe3 Kh8 27. Nb5 Nxb5 28. axb5 a4 29. c3 a3 30. b4 Bc8 31. Kc2 Bd7 32. Kb3 Qe8 33. c4 a2 34. Ra1 Qb8 35. Rxa2 Rxa2 36. Kxa2 Qa7+ 37. Kb2 Ra8 38. Qb3 Be8 39. Rf1 Bg6 40. Bd3 Rf8 41. Qa3 Qxa3+ 42. Kxa3 Kg8 43. c5 Kf7 44. d6 bxc5 45. bxc5 cxd6 46. c6 Ke6 47. Bc4+ Ke7 48. b6 Bxe4 49. c7 Bb7 50. Kb4 d5 51. Bb5 Kd6 52. Ra1 f5 53. Ra7 e4 54. Rxb7 f4 55. Rb8 Rf6 56. c8Q Ke5 57. Qh8 Kf5 58. Bd7+ Ke5 59. Re8+ Kd6 60. Qxf6+ Kxd7 61. b7 1-0

[Event "Titled Tuesday intern op 06th Feb Late"]
[Site "Chess.com INT"]
[Date "2024.02.06"]
[Round "8"]
[White "Mkrtchyan, Mikayel"]
[Black "Awoki, Daniel Teidi"]
[Result "0-1"]
[WhiteElo "2071"]
[BlackElo "2152"]
[PlyCount "58"]
[EventDate "2024.02.06"]
[EventType "swiss (blitz)"]
[EventRounds "11"]
[EventCountry "USA"]
[SourceTitle "CB07_2024"]
[SourceDate "2024.02.14"]
[SourceVersion "1"]
[SourceVersionDate "2024.02.14"]
[SourceQuality "1"]

1. d4 Nf6 2. c4 e6 3. g3 d5 4. Nf3 Be7 5. Bg2 0-0 6. 0-0 dxc4 7. Ne5 Nc6 8. Nxc6 bxc6 9. Na3 Bxa3 10. bxa3 Rb8 11. Qc2 c5 12. dxc5 Bb7 13. Rd1 Qe7 14. c6 Ba6 15. Bd2 Rfd8 16. Bb4 Qe8 17. Rxd8 Rxd8 18. Qa4 Bc8 19. Qxa7 Nd5 20. Bxd5 exd5 21. Qxc7 Bh3 22. Rd1 Rc8 23. Qe7 Qxc6 24. e4 c3 25. Rxd5 Qxd5 26. exd5 c2 27. d6 c1Q+ 28. Be1 Qc6 29. Qh4 Qg2# 0-1

[Event "Titled Tuesday intern op 06th Feb Late"]
[Site "Chess.com INT"]
[Date "2024.02.06"]
[Round "9"]
[White "Sadovsky, Artem"]
[Black "Awoki, Daniel Teidi"]
[Result "1-0"]
[WhiteElo "2276"]
[BlackElo "2152"]
[PlyCount "49"]
[EventDate "2024.02.06"]
[EventType "swiss (blitz)"]
[EventRounds "11"]
[EventCountry "USA"]
[SourceTitle "CB07_2024"]
[SourceDate "2024.02.14"]
[SourceVersion "1"]
[SourceVersionDate "2024.02.14"]
[SourceQuality "1"]

1. Nf3 d5 2. e3 e6 3. c4 Nf6 4. b3 Be7 5. Bb2 0-0 6. Be2 b6 7. 0-0 Bb7 8. d4 dxc4 9. bxc4 c5 10. Nc3 cxd4 11. exd4 Nbd7 12. Rc1 Rc8 13. Re1 Bb4 14. Qb3 Ba5 15. Red1 Bxc3 16. Bxc3 Ne4 17. Ba1 Ndf6 18. Qe3 Ng4 19. Qf4 Ngf6 20. Ne5 Nd7 21. Nxd7 Qxd7 22. d5 exd5 23. Qxe4 Rfe8 24. Qd4 f6 25. Bg4 1-0

[Event "Sao Paulo Sampa op"]
[Site "Sao Paulo"]
[Date "2024.01.30"]
[Round "3"]
[White "Awoki, Daniel Teidi"]
[Black "Santos, Abel Cardoso Dos"]
[Result "1-0"]
[WhiteElo "2152"]
[BlackElo "1842"]
[PlyCount "99"]
[EventDate "2024.01.29"]
[EventType "swiss"]
[EventRounds "9"]
[EventCountry "BRA"]
[SourceTitle "CB06_2024"]
[SourceDate "2024.02.07"]
[SourceVersion "1"]
[SourceVersionDate "2024.02.07"]
[SourceQuality "1"]

1. c4 Nf6 2. g3 g6 3. Bg2 Bg7 4. Nc3 c6 5. Nf3 d6 6. 0-0 e5 7. d3 0-0 8. Rb1 a5 9. a3 Qe7 10. b4 axb4 11. axb4 h6 12. b5 d5 13. e4 d4 14. Na4 Nbd7 15. Qb3 c5 16. b6 Ne8 17. Ba3 Ra5 18. Bh3 Qd6 19. Kg2 f5 20. Nh4 Qc6 21. Nb2 fxe4 22. dxe4 Qxe4+ 23. Kg1 Qc6 24. Bg2 e4 25. Rfe1 Qf6 26. Bxe4 Qxf2+ 27. Kh1 Ne5 28. Nd3 Nxd3 29. Qxd3 Nf6 30. Nxg6 Nxe4 31. Qxe4 Qf3+ 32. Qxf3 Rxf3 33. Ne7+ Kh7 34. Nxc8 Raxa3 35. Kg2 Rfc3 36. Nd6 Rc2+ 37. Kh3 Kg6 38. Nxb7 Raa2 39. Rh1 Be5 40. Nxc5 Rxc4 41. Nd7 Bd6 42. b7 Ra5 43. Rb6 Rh5+ 44. Kg2 Rc2+ 45. Kf3 Rf5+ 46. Ke4 Re2+ 47. Kxd4 Rd2+ 48. Kc3 Rff2 49. Rc1 Kf5 50. Rxd6 1-0

[Event "Titled Tuesday intern op 23rd Jan Late"]
[Site "Chess.com INT"]
[Date "2024.01.23"]
[Round "8"]
[White "Awoki, Daniel Teidi"]
[Black "Banerjee, Supratit"]
[Result "0-1"]
[WhiteElo "2152"]
[BlackElo "1984"]
[PlyCount "76"]
[EventDate "2024.01.23"]
[EventType "swiss (blitz)"]
[EventRounds "11"]
[EventCountry "USA"]
[SourceTitle "CB05_2024"]
[SourceDate "2024.01.31"]
[SourceVersion "1"]
[SourceVersionDate "2024.01.31"]
[SourceQuality "1"]

1. e4 e6 2. d4 d5 3. Nd2 dxe4 4. Nxe4 Nd7 5. Nf3 Ngf6 6. Bd3 Nxe4 7. Bxe4 Nf6 8. Bd3 c5 9. dxc5 Bxc5 10. 0-0 0-0 11. a3 b6 12. b4 Bd6 13. Bb2 Bb7 14. c4 h6 15. Qe2 Qc7 16. h3 Kh8 17. Rfd1 Rad8 18. Rac1 Bf4 19. Rc2 Rfe8 20. Ne5 Bxe5 21. Bxe5 Qc6 22. f3 Rd7 23. Bxf6 gxf6 24. Qe3 Kg7 25. Rcd2 f5 26. Qe5+ f6 27. Qg3+ Kh8 28. Qh4 Kg7 29. Qg3+ Kh8 30. Qg6 Rg7 31. Qxh6+ Kg8 32. Qxf6 Rf8 33. Qe5 Rff7 34. Kh1 Kh7 35. Be2 Qe8 36. Rd8 Qe7 37. Qd6 Qh4 38. Qh2 Qf2 0-1

[Event "Titled Tuesday intern op 23rd Jan Late"]
[Site "Chess.com INT"]
[Date "2024.01.23"]
[Round "2"]
[White "Awoki, Daniel Teidi"]
[Black "Fromm, Marius"]
[Result "1-0"]
[WhiteElo "2152"]
[BlackElo "2435"]
[PlyCount "169"]
[EventDate "2024.01.23"]
[EventType "swiss (blitz)"]
[EventRounds "11"]
[EventCountry "USA"]
[SourceTitle "CB05_2024"]
[SourceDate "2024.01.31"]
[SourceVersion "1"]
[SourceVersionDate "2024.01.31"]
[SourceQuality "1"]

1. e4 e6 2. d4 d5 3. Nd2 c5 4. exd5 Qxd5 5. Ngf3 cxd4 6. Bc4 Qd6 7. Qe2 Nf6 8. Nb3 Nc6 9. Bg5 Qb4+ 10. Bd2 Qb6 11. 0-0 Be7 12. Rfd1 0-0 13. Bf4 Rd8 14. Bb5 Bd7 15. Bxc6 Bxc6 16. Nfxd4 Be4 17. c3 a5 18. Qb5 Qxb5 19. Nxb5 a4 20. Nd2 Bc2 21. Rdc1 Bd3 22. Nd4 Nd5 23. Bg3 Rac8 24. a3 Bg5 25. Rd1 Nb6 26. N2f3 Bf6 27. Rxd3 Nc4 28. Rdd1 Nxb2 29. Rdb1 Nd3 30. Rxb7 Rxc3 31. Nb5 Rb3 32. Nd6 Rxd6 33. Rxb3 axb3 34. Bxd6 Bxa1 35. Nd2 b2 36. a4 Nc1 37. Nb1 Nb3 38. Bb4 Nd4 39. a5 Nc6 40. a6 f5 41. Bc5 Kf7 42. a7 Nxa7 43. Bxa7 e5 44. Kf1 Ke6 45. Ke2 Kd5 46. Kd2 Kc4 47. Kc2 e4 48. Bb8 g5 49. Be5 Kd5 50. Bxb2 Bxb2 51. Kxb2 f4 52. Kc3 e3 53. fxe3 Ke4 54. exf4 gxf4 55. Kd2 f3 56. g3 Kf5 57. Ke3 Kg4 58. Kf2 Kh3 59. Kxf3 Kxh2 60. Nd2 h5 61. Ne4 Kh3 62. Ng5+ Kh2 63. Ne4 Kh3 64. Nf2+ Kh2 65. Kf4 Kg2 66. Ne4 Kh3 67. Ng5+ Kg2 68. Nf3 Kh3 69. Nh4 Kh2 70. Kf3 Kh3 71. Kf2 Kh2 72. Nf3+ Kh3 73. Ng5+ Kh2 74. Nf3+ Kh3 75. Nh4 Kh2 76. Ng6 Kh3 77. Nf4+ Kg4 78. Ng2 Kh3 79. Kf3 Kh2 80. Ne3 Kh3 81. Nf5 h4 82. g4 Kh2 83. Nxh4 Kh3 84. g5 Kxh4 85. g6 1-0

[Event "Titled Tuesday intern op 01st Aug Late"]
[Site "Chess.com INT"]
[Date "2023.08.01"]
[Round "5"]
[White "Porat, Tori"]
[Black "Awoki, Daniel Teidi"]
[Result "1-0"]
[WhiteElo "1611"]
[BlackElo "2152"]
[PlyCount "75"]
[EventDate "2023.08.01"]
[EventType "swiss (blitz)"]
[EventRounds "11"]
[EventCountry "USA"]
[SourceTitle "EXT 2024"]
[Source "ChessBase"]
[SourceDate "2023.10.10"]
[SourceVersion "1"]
[SourceVersionDate "2023.10.10"]
[SourceQuality "1"]

1. d4 Nf6 2. c4 g6 3. Nc3 d5 4. cxd5 Nxd5 5. e4 Nxc3 6. bxc3 Bg7 7. Be3 0-0 8. Bc4 c5 9. Ne2 Qc7 10. Bd3 Rd8 11. 0-0 b6 12. d5 Bb7 13. Rb1 Nd7 14. f4 c4 15. Bc2 Nc5 16. Bd4 e6 17. Bxg7 Kxg7 18. f5 exf5 19. exf5 Bxd5 20. Qd4+ Kg8 21. Qh4 Qe5 22. Nf4 Qxc3 23. fxg6 fxg6 24. Bxg6 hxg6 25. Nxg6 Rd7 26. Ne7+ Rxe7 27. Qxe7 Qd4+ 28. Kh1 Qe4 29. Qg5+ Kh8 30. Rbe1 Qxg2+ 31. Qxg2 Bxg2+ 32. Kxg2 Rd8 33. Re3 b5 34. Rh3+ Kg7 35. Rg3+ Kh7 36. Rf7+ Kh6 37. Rf6+ Kh7 38. Rf5 1-0

[Event "Titled Tuesday intern op 25th Jul Late"]
[Site "Chess.com INT"]
[Date "2023.07.25"]
[Round "3"]
[White "Awoki, Daniel Teidi"]
[Black "Aggelis, Nikolaos"]
[Result "0-1"]
[WhiteElo "2152"]
[BlackElo "2264"]
[PlyCount "96"]
[EventDate "2023.07.25"]
[EventType "swiss (blitz)"]
[EventRounds "11"]
[EventCountry "USA"]
[SourceTitle "EXT 2024"]
[Source "ChessBase"]
[SourceDate "2023.10.10"]
[SourceVersion "1"]
[SourceVersionDate "2023.10.10"]
[SourceQuality "1"]

1. e4 c6 2. d4 d5 3. exd5 cxd5 4. c4 Nf6 5. Nc3 g6 6. cxd5 Bg7 7. Bc4 0-0 8. Be3 a6 9. Bb3 b5 10. a3 Bb7 11. Nf3 Nxd5 12. 0-0 Nxc3 13. bxc3 Nc6 14. a4 bxa4 15. Bxa4 Rc8 16. Rb1 Na5 17. Qd3 Bxf3 18. gxf3 Nc4 19. Bb3 Qc7 20. Rfc1 Rfd8 21. Ra1 a5 22. Bxc4 Qxc4 23. Qxc4 Rxc4 24. Rxa5 Rdc8 25. Ra3 Bxd4 26. Bxd4 Rxd4 27. cxd4 Rxc1+ 28. Kg2 Rd1 29. Ra4 e6 30. f4 Kg7 31. Kg3 Rd3+ 32. Kg2 Kf6 33. h3 h5 34. f3 Kf5 35. Ra7 f6 36. Kg3 Rxd4 37. Ra5+ Rd5 38. Ra4 Rb5 39. Re4 Rb1 40. h4 Rg1+ 41. Kf2 Rh1 42. Kg3 Rg1+ 43. Kf2 Rg4 44. fxg4+ Kxe4 45. f5 exf5 46. gxh5 gxh5 47. Ke2 Kf4 48. Kf2 Kg4 0-1

[Event "Titled Tuesday intern op 25th Jul Late"]
[Site "Chess.com INT"]
[Date "2023.07.25"]
[Round "10"]
[White "Awoki, Daniel Teidi"]
[Black "De Souza, Cristiano Gomes"]
[Result "1-0"]
[WhiteElo "2152"]
[BlackElo "2018"]
[PlyCount "103"]
[EventDate "2023.07.25"]
[EventType "swiss (blitz)"]
[EventRounds "11"]
[EventCountry "USA"]
[SourceTitle "EXT 2024"]
[Source "ChessBase"]
[SourceDate "2023.10.10"]
[SourceVersion "1"]
[SourceVersionDate "2023.10.10"]
[SourceQuality "1"]

1. e4 c5 2. Nf3 d6 3. Bb5+ Bd7 4. Bxd7+ Nxd7 5. 0-0 g6 6. Qe2 Bg7 7. Rd1 e5 8. c3 Ne7 9. d4 cxd4 10. cxd4 0-0 11. d5 h6 12. Nc3 f5 13. b3 Nf6 14. Bb2 a6 15. Rac1 Rc8 16. exf5 gxf5 17. Rc2 Qe8 18. Na4 Rxc2 19. Qxc2 Nexd5 20. Ba3 Qe6 21. Nb6 Rd8 22. Qc4 Nf4 23. Rxd6 Rxd6 24. Bxd6 Qxc4 25. Nxc4 Nd3 26. Nfxe5 Nc1 27. Na5 Nxa2 28. Nxb7 Ne4 29. Bc7 Nc1 30. b4 Bxe5 31. Bxe5 Nxf2 32. Kxf2 Nd3+ 33. Ke3 Nxe5 34. Nc5 Kf7 35. Nxa6 Ng4+ 36. Kf4 Nxh2 37. b5 Ke7 38. Kxf5 Kd7 39. Nc5+ Kc7 40. Na4 Nf1 41. Kg6 Ne3 42. g3 Ng4 43. Kh5 Ne5 44. Kxh6 Nf3 45. g4 Kd6 46. g5 Nxg5 47. Kxg5 Kd5 48. Kf5 Kc4 49. b6 Kb5 50. b7 Kxa4 51. b8Q Ka3 52. Ke4 1-0

[Event "Titled Tuesday intern op 25th Jul Late"]
[Site "Chess.com INT"]
[Date "2023.07.25"]
[Round "5"]
[White "Veiga, Jose Francisco RP"]
[Black "Awoki, Daniel Teidi"]
[Result "1-0"]
[WhiteElo "2397"]
[BlackElo "2152"]
[PlyCount "75"]
[EventDate "2023.07.25"]
[EventType "swiss (blitz)"]
[EventRounds "11"]
[EventCountry "USA"]
[SourceTitle "EXT 2024"]
[Source "ChessBase"]
[SourceDate "2023.10.10"]
[SourceVersion "1"]
[SourceVersionDate "2023.10.10"]
[SourceQuality "1"]

1. c4 e5 2. Nc3 Nf6 3. Nf3 Nc6 4. e4 Bb4 5. d3 d6 6. Be2 0-0 7. 0-0 Bxc3 8. bxc3 h6 9. h3 Qe7 10. Be3 b6 11. Nd2 a5 12. f4 exf4 13. Bxf4 Ne5 14. Bh2 Ng6 15. Nf3 Bd7 16. Nd4 Rae8 17. Qd2 Nh7 18. Bg3 Ng5 19. h4 Ne6 20. Nf5 Qd8 21. d4 Ne7 22. Rae1 Qc8 23. Bd3 f6 24. Nxh6+ gxh6 25. Qxh6 Ng7 26. Rxf6 Rxf6 27. Qxf6 Qd8 28. e5 Rf8 29. Qh6 dxe5 30. Bh7+ Kf7 31. Bg6+ Nxg6 32. Rf1+ Nf5 33. Qh7+ Kf6 34. dxe5+ Nxe5 35. h5 Qe7 36. Bh4+ Ke6 37. Bxe7 Nxe7 38. Rxf8 1-0

[Event "Titled Tuesday intern op 18th Jul Late"]
[Site "Chess.com INT"]
[Date "2023.07.18"]
[Round "8"]
[White "Awoki, Daniel Teidi"]
[Black "Bongo Akanga Ndjila, Barthelemy"]
[Result "1-0"]
[WhiteElo "2152"]
[BlackElo "1824"]
[PlyCount "55"]
[EventDate "2023.07.18"]
[EventType "swiss (blitz)"]
[EventRounds "11"]
[EventCountry "USA"]
[SourceTitle "EXT 2024"]
[Source "ChessBase"]
[SourceDate "2023.10.10"]
[SourceVersion "1"]
[SourceVersionDate "2023.10.10"]
[SourceQuality "1"]

1. e4 e6 2. d4 d5 3. Nd2 c5 4. exd5 exd5 5. Ngf3 Nc6 6. Bb5 Nf6 7. 0-0 Bg4 8. Re1+ Be7 9. dxc5 0-0 10. Nb3 Rc8 11. c3 a6 12. Be2 Na5 13. Nxa5 Qxa5 14. b4 Qc7 15. Be3 Rfd8 16. Bd4 Ne4 17. Nd2 Bf5 18. Nf1 Bf6 19. Ng3 Bg6 20. Rc1 Ng5 21. Bxf6 gxf6 22. Bg4 Rb8 23. Qd4 Ne6 24. Qxf6 d4 25. Rxe6 fxe6 26. Bxe6+ Bf7 27. Nf5 Bxe6 28. Nh6# 1-0

[Event "Titled Tuesday intern op 11th Jul Late"]
[Site "Chess.com INT"]
[Date "2023.07.11"]
[Round "8"]
[White "Lutz, Igor Oscar"]
[Black "Awoki, Daniel Teidi"]
[Result "0-1"]
[WhiteElo "1947"]
[BlackElo "2152"]
[PlyCount "52"]
[EventDate "2023.07.11"]
[EventType "swiss (blitz)"]
[EventRounds "11"]
[EventCountry "USA"]
[SourceTitle "EXT 2024"]
[Source "ChessBase"]
[SourceDate "2023.10.10"]
[SourceVersion "1"]
[SourceVersionDate "2023.10.10"]
[SourceQuality "1"]

1. d4 Nf6 2. c4 e6 3. g3 d5 4. Nf3 Be7 5. Bg2 0-0 6. 0-0 dxc4 7. Ne5 Nc6 8. Nxc6 bxc6 9. Bxc6 Rb8 10. Bg2 c5 11. dxc5 Bxc5 12. Nc3 Bb7 13. Qa4 Bxg2 14. Kxg2 Qc7 15. Qxc4 Qc6+ 16. e4 Rb4 17. Qd3 Nxe4 18. Nxe4 Rxe4 19. Qf3 Rc8 20. Bd2 Re2 21. Qxc6 Rxc6 22. Bc3 h5 23. Rad1 Bb6 24. Kf3 Rc2 25. Rd2 R6xc3+ 26. bxc3 Rxd2 0-1

[Event "Titled Tuesday intern op 7th Mar Late"]
[Site "Chess.com INT"]
[Date "2023.03.07"]
[Round "2"]
[White "Przybylski, Wojciech"]
[Black "Awoki, Daniel Teidi"]
[Result "0-1"]
[WhiteElo "2321"]
[BlackElo "2152"]
[PlyCount "200"]
[EventDate "2023.03.07"]
[EventType "swiss (blitz)"]
[EventRounds "11"]
[EventCountry "USA"]
[SourceTitle "EXT 2024"]
[Source "ChessBase"]
[SourceDate "2023.10.10"]
[SourceVersion "1"]
[SourceVersionDate "2023.10.10"]
[SourceQuality "1"]

1. d4 Nf6 2. c4 e6 3. Nf3 d5 4. g3 Be7 5. Bg2 0-0 6. 0-0 dxc4 7. Nbd2 c5 8. Nxc4 cxd4 9. Qxd4 Nc6 10. Qc3 Nd5 11. Qc2 Qc7 12. Nce5 Nxe5 13. Qb3 Nxf3+ 14. Bxf3 Bd7 15. e4 Nf6 16. Be3 Bc6 17. Rac1 e5 18. Rfe1 Rac8 19. Bxa7 Qa5 20. Bb6 Qb5 21. Qxb5 Bxb5 22. Bc7 Nd7 23. Bg4 Bc6 24. Ba5 Ra8 25. b4 Nf6 26. Bf3 Rfc8 27. a3 g6 28. Re3 Kg7 29. Rec3 Re8 30. Re3 h5 31. Bc7 Nd7 32. Be2 Ba4 33. b5 Rec8 34. Rec3 Re8 35. f4 exf4 36. gxf4 Nf8 37. f5 Bf6 38. Rc4 Bxb5 39. R4c2 Bxe2 40. Rxe2 Be5 41. Bxe5+ Rxe5 42. Rc7 Rxa3 43. fxg6 Nxg6 44. Rf2 Re7 45. Rc5 Rxe4 46. Rxh5 Ra1+ 47. Kg2 Nf4+ 48. Kf3 Nxh5 49. Kxe4 Ra4+ 50. Kd5 Nf6+ 51. Ke5 Re4+ 52. Kf5 Rg4 53. Rb2 Rh4 54. Rxb7 Nh5 55. Kg5 Rxh2 56. Rb6 Ng3 57. Kg4 Ne4 58. Rb4 Nf6+ 59. Kg3 Ra2 60. Rb5 Ra3+ 61. Kf4 Ra4+ 62. Kf3 Rh4 63. Rg5+ Kh6 64. Rf5 Kg6 65. Rb5 Rh5 66. Rb6 Rf5+ 67. Kg3 Rg5+ 68. Kf3 Kg7 69. Kf4 Rg6 70. Kf5 Ng8 71. Rb7 Nh6+ 72. Kf4 Rf6+ 73. Kg5 Rf5+ 74. Kh4 Rc5 75. Kg3 Kg6 76. Kf4 f6 77. Rb6 Rc4+ 78. Kf3 Kg5 79. Rb8 f5 80. Rf8 Rc3+ 81. Kf2 Kf4 82. Rh8 Rc2+ 83. Ke1 Ng4 84. Rd8 Kf3 85. Rd3+ Ke4 86. Ra3 f4 87. Ra4+ Kf3 88. Rb4 Rc1+ 89. Kd2 Rc7 90. Rb6 Rd7+ 91. Ke1 Ne3 92. Rb1 Rd1+ 93. Rxd1 Nxd1 94. Kf1 Ne3+ 95. Kg1 Ke2 96. Kh2 f3 97. Kg3 f2 98. Kh2 f1Q 99. Kg3 Qf3+ 100. Kh2 Qg2# 0-1